Premier League Players By Age - Statistics

General Stats
  • This quiz has been taken 22 times
  • The average score is 5 of 22
Answer Stats
Hint Answer % Correct
37 (ST) Cristiano Ronaldo
60%
23 (RB) Trent Alexander-Arnold
55%
28 (ST) Harry Kane
45%
30 (MF) Kevin De Bruyne
45%
24 (LW) Marcus Rashford
40%
29 (RW) Mohamed Salah
40%
31 (GK) David de Gea
35%
26 (LW) Jack Grealish
30%
35 (ST) Jamie Vardy
30%
18 (RW) Harvey Elliott
25%
36 (MF) James Milner
25%
38 (GK) Ben Foster
20%
27 (MF) Bruno Fernandes
20%
21 (MF) Emile Smith-Rowe
20%
25 (LB) Ben Chilwell
15%
39 (GK) Lee Grant
15%
20 (LW) Gabriel Martinelli
5%
34 (MF) Mark Noble
5%
22 (RB) Max Aarons
5%
33 (MF) Adam Lallana
0%
32 (RW) Theo Walcott
0%
19 (RB) Tino Livramento
0%
No matching quizzes found
Score Distribution
Percent of People with Each Score
Percentile by Number Answered
Your Score History
You have not taken this quiz